Регионална библиотека "Любен Каравелов" - Русе

Злодеяния на Кобургите в България (Запис номер 166849)

MARC детайли
000 -Лидер
Контролно поле с фиксирана дължина 01974nam a2200481 c 4500
003 - Код на организацията, давaща контролен номер
Контролно поле BLK
005 - Дата и час на последна редакция
Контролно поле 20250128005514.0
008 - Елементи от данни с фиксирана дължина
fixed length control field 180411b bul|||||r ||||||| ||bul||
010 ## - Наследен системен номер
LC control number KNG00174609000
020 ## - Международен стандартен номер на книга ISBN
Международен стандартен номер на книга ISBN 978-954-91701-9-1
-- издат.: Бълг. аграрен съюз
040 ## - Източник на каталожния запис
Идентификатор на билиотеката - собственик на записа BLK
041 ## - Код за език
Код за езика на текст/звукозапис или на отделно заглавие Български
Код за езика КДБФ Български
072 #7 - Код за тематичната категория
Код организация bullib
Код за тематична категория Н92
Текст История Н
080 ## - УДК
Текстов определител УДК Трета българска държава (от 1878)
УДК код - определител по УДК 94(497.2)"1878..."
УДК определител (02.062)
УДК - код + определител 94(497.2)"1878..."(02.062)
080 ## - УДК
Текстов определител УДК Вътрешна политика. Вж и 329
УДК код - определител по УДК 323
УДК определител (497.2)(092)(02.062)
УДК - код + определител 323(497.2)(092)(02.062)
080 ## - УДК
Текстов определител УДК Биографии
УДК код - определител по УДК 929
УДК определител (497.2)
УДК - код + определител 929(497.2)
100 1# - Редна дума - Автор
Автор Димов, Ангел Георгиев
Авторска отговорност първи автор
R(LIN) 376801
139 ## - Редно поле
Редна дума Димов, Ангел Георгиев
Авторски знак Димо - Д 60
245 10 - Сведения за заглавието
Заглавие Злодеяния на Кобургите в България
Редно поле (дума) Ангел Георгиев Димов.
250 ## - Област на изданието
Сведения за изданието 5. изд.
257 ## - Страна на издаване
Страна на създаване/издаване България
260 ## - Област на издателските данни
-- София
Име на издателя, разпространителя и проч. Бълг. аграрен съюз
Година на издаване 2015
300 ## - Физическа характеристика
Страници 496 с.
Размери/Мащаб 20 см
380 ## - Жанр
Жанр История
500 ## - Общи забележки
Забележка 1. изд. 2005. - Съдържа и за авт. - Библиогр. с. 489-494.
650 #4 - Допълнително описание по предмет – тема
Основно описание – тема или топоним Политици, български
9 (RLIN) 242530
650 #4 - Допълнително описание по предмет – тема
Основно описание – тема или топоним Царе, български
9 (RLIN) 248628
650 #0 - Допълнително описание по предмет – тема
Основно описание – тема или топоним България - история, нова
9 (RLIN) 241998
650 #0 - Допълнително описание по предмет – тема
Основно описание – тема или топоним България - вътрешна политика
9 (RLIN) 241559
651 #4 - Допълнително описание по предмет - топоним
Географско понятие България
9 (RLIN) 241624
653 ## - Ключова дума – ненормативна
Ключова дума българска история
653 ## - Ключова дума – ненормативна
Ключова дума нова история
653 ## - Ключова дума – ненормативна
Ключова дума най-нова история
653 ## - Ключова дума – ненормативна
Ключова дума български царе
653 ## - Ключова дума – ненормативна
Ключова дума български политици
659 ## - Тематичен бюлетин
Тематичен бюлетин Н
852 ## - Местоположение
Форматна сигнатура Цб 273992
856 4# - Електронен адрес и достъп
Електронен формат pdf - файл
Път до файла /url/
856 4# - Електронен адрес и достъп
Електронен формат pdf - файл
Път до файла /url/
942 ## - АРТИКУЛИ
Вид на библиотечния материал Книги
Скрит в OPAC Не
Koha issues (borrowed), all copies 2
944 ## - СЪЗДАВАНЕ И РЕДАКЦИЯ на ЗАПИСА
Създаване/Редакция Създаване
Дата на регистрацията/редакция 24.04.2015
Статус, дата на статуса CRON CRON
Служител, извършил регистрацията/редакцията
944 ## - СЪЗДАВАНЕ И РЕДАКЦИЯ на ЗАПИСА
Създаване/Редакция Редакция
Дата на регистрацията/редакция 08.10.2015
Статус, дата на статуса ф /
Служител, извършил регистрацията/редакцията Пенка_Димитрова
999 ## - СИСТЕМНИ КОНТРОЛНИ НОМЕРА
Koha biblionumber 166849
Koha biblioitemnumber 166849
Наличности
Код за отписване Код за изгубен артикул Източник на класификационната схема Код за повреда Коз за рестрикции Код за отдаване Артикулен № Име на библиотеката - собственик Име на библиотеката, в която се намира в момента Статус (Текущо местоположение) Дата на вписване в системата Местоположение - отдел Цена в лева Инвентарен номер Систематично азбучна сигнатура Баркод Номер на екземпляра Цена в евро Служебна бележка Служебен тип на артикула
  Не е изгубен Universal Decimal Classification Не е повреден без рестрикции заемане за дома 281082 Регионална библиотека "Любен Каравелов" Русе Регионална библиотека "Любен Каравелов" Русе Заемна - подръчен фонд 2015-04-27 Заемна - подръчен фонд 19.00 120000787517 П 94(497.2)"1878..."/Д 60 120000787517 1 9.71 Дост: DA Вид: А N: 7 Дата: 27.04.2015 Дата инв: 08.02.2018 Бележки инв: П2018 Книги
  Не е изгубен   Не е повреден без рестрикции ползва се в читалня 281083 Регионална библиотека "Любен Каравелов" Русе Регионална библиотека "Любен Каравелов" Русе Хранилище 2015-10-02 Хранилище 19.00 120000793290 Цб 273992 120000793290 2 9.71 Дост: Dp Вид: Д N: 31 Дата: 16.07.2015 Книги
Vip Innovations Ltd, Rousse, Bulgaria 2025